| 000 | 00684nam a2200229 a 4500 | ||
|---|---|---|---|
| 008 | |||
| 020 | _a0135621402 (cased) | ||
| 049 | _aMAIN | ||
| 090 | _aQA76.9.M35 | ||
| 100 | 1 | _aKay, Christine Benedyk. | |
| 245 | 1 | 0 |
_aMathematics for computer programmers / _cChristine Benedyk Kay. |
| 260 |
_aEnglewood Cliffs, N.J. : _bPrentice-Hall, _cc1984. |
||
| 300 |
_axvi, 393 p. ; _c25 cm. |
||
| 500 | _aIncludes index. | ||
| 650 | 0 |
_aComputer science _xMathematics. |
|
| 650 | 0 | _aComputer programming. | |
| 907 |
_a.b10045831 _b03-10-03 _c17-04-03 |
||
| 003 | |||
| 005 | 20230123133216.0 | ||
| 040 | _cNUST | ||
| 942 |
_cBOOKS _kQA76.9.M35 |
||
| 999 |
_c144629 _d144629 |
||